000 01003cam a2200265 4500
001 ABS61532
008 000000n1999 000 0 eng u
035 _a(Sirsi) u101940
100 _aLewsley, C.
245 _aCompensation reform and Europe
260 _c1999
490 _aRating & Valuation Reporter
_v39(10) October 1999, 235-240(6)
520 _aConsiders the criticisms of the current system of compulsory purchase and compensation, and looks at categories of compensation, including compensation for land taken, injurious affection and disturbance. Also touches upon the European situation.
590 _aABS
650 _aCOMPULSORY PURCHASE AND COMPENSATION
650 _aEUROPE
650 _aINJURIOUS AFFECTION
650 _aDISTURBANCE
650 _aCOMPULSORY ACQUISITION
650 _aBLIGHT
650 _aRANSOM STRIPS
650 _aREFORM
690 _aENVIRONMENTAL AND LAND CONSULTANCY-PLANNING AND DEVELOPMENT-COMPULSORY PURCHASE AND COMPENSATION
942 _n0
999 _c61038
_d61038